000 00450cam a22001697a 4500
001 001997
003 armpunfd
005 20140612090655.0
008 060707e0####xx#a##########000#0#und#d
040 _aarmpunfd
_carmpunfd
080 _a342.739 N 113
245 1 0 _aNacimiento y fundamentos clasicos de la propiedad
260 _a Seminario Interareas
650 7 _a Derecho De Propiedad
_2LEMB
942 _cLB
_2cdu
945 _aCatalis
_d2010-08-19
999 _c1988
_d232492